Εκπαίδευση για το περιβάλλον και την αειφορία στις αρχές του 21ου αιώνα : προβλήματα και προβληματισμοί σε εποχές κρίσης
Αποθηκεύτηκε σε:
| Άλλοι συγγραφείς: | , , |
|---|---|
| Μορφή: | Βιβλίο |
| Γλώσσα: | Greek |
| Δημοσίευση: |
Ζεφύρι Αττικής :
Διάδραση,
2013.
|
| Θέματα: | |
| Ετικέτες: |
Προσθήκη ετικέτας
Δεν υπάρχουν, Καταχωρήστε ετικέτα πρώτοι!
|
MARC
| LEADER | 00000cam a2200000 i 4500 | ||
|---|---|---|---|
| 001 | 1/48098 | ||
| 008 | 140526t2013 gr | ||| |||| ||gre|| | ||
| 020 | |a 9789609541985 | ||
| 035 | |l 10117770 | ||
| 040 | |a GR-MyUA |b gre |e AACR2 | ||
| 041 | 0 | |a gre | |
| 082 | 7 | |a 363.7 |2 (23) | |
| 245 | 0 | 0 | |a Εκπαίδευση για το περιβάλλον και την αειφορία στις αρχές του 21ου αιώνα : |b προβλήματα και προβληματισμοί σε εποχές κρίσης / |c επιστημονική επιμέλεια: Μαρία Καϊλα, Αθανάσιος Μόγιας, Βασίλης Παπαβασιλείου. |
| 260 | |a Ζεφύρι Αττικής : |b Διάδραση, |c 2013. | ||
| 300 | |a 568 σ. : |b πίν. ; |c 24 εκ. | ||
| 504 | |a Περιλαμβάνει βιβλιογραφικές παραπομπές. | ||
| 650 | 0 | 0 | |a Environmental education. |
| 650 | 0 | 0 | |a Ecology. |
| 650 | 0 | 0 | |a Sustainable development. |
| 700 | 1 | |a Καΐλα, Μαρία Α. |e edtf | |
| 700 | 1 | |a Μόγιας, Αθανάσιος, |e edt | |
| 700 | 1 | |a Παπαβασιλείου, Βασίλειος Φ. |e edt | |
| 852 | |a INST |b LESVOS |c EUDOXUS |e 20151210 |h 363.7 ΕΚΠ |p 005100057860 |q 005100057860 |t EDX |y 0 | ||
| 852 | |a INST |b RHODES |c EUDOXUS |e 20140526 |h 363.7 ΕΚΠ |p 005400036554 |q 005400036554 |t EDX |y 4 |x 20220323 | ||
| 852 | |a INST |b RHODES |c EUDOXUS |e 20141021 |h 363.7 ΕΚΠ |p 005400037128 |q 005400037128 |t EDX |y 0 | ||
| 852 | |a INST |b RHODES |c EUDOXUS |e 20141201 |h 363.7 ΕΚΠ |p 005400037289 |q 005400037289 |t EDX |y 4 |x 20220525 | ||
| 852 | |a INST |b SAMOS |e 20151012 |h 363.7 ΕΚΠ |p 005300043056 |q 005300043056 |t BK |y 0 | ||
| 901 | |a BIBL4-2014-2 | ||
| 901 | |a BIBL4-2014-3 | ||
| 909 | |a Ρ |b 183056 | ||
| 909 | |a Ρ |b 183453 | ||
| 909 | |a Ρ |b 183608 | ||
| 920 | |a Εύδοξος |b Παραγγελία |y Ρόδος-ΤΕΠΑΕΣ |z 2014-05 | ||
| 920 | |a Εύδοξος |b Επιστροφή |y Ρόδος |z 2014-10 | ||
| 920 | |a Εύδοξος |b Επιστροφή |y Ρόδος |z 2014-12 | ||
| 920 | |a Παράρτημα Βιβλιοθήκης |b Ρόδου |y Σάμος |z 2015-10 | ||
| 922 | |a 4ΕΛΗ | ||
| 970 | |z 2014/05/26 | ||